000 01390cam a22003617a 4500
999 _c523492
_d523492
001 16798309
003 NUST
005 20190325105145.0
008 110526s2010 caua b 001 0 eng d
010 _a 2011377369
020 _a9780596154509
020 _a059615450X
035 _a(OCoLC)ocn401155086
038 _aNusrat Nadeem
040 _aBTCTA
_cBTCTA
_dBWX
_dYDXCP
_dOCLCQ
_dCDX
_dWEA
_dUAB
_dDLC
042 _alccopycat
050 0 0 _aQH324.2
_b.M63 2010
082 _a324.2
100 1 _aModel, Mitchell L.
_913953
245 1 0 _aBioinformatics programming using Python /
_cMitchell L. Model.
260 _aSebastapol, CA :
_bO'Reilly,
_cc2010.
300 _axxvii, 492 p. :
_bill. ;
_c24 cm.
500 _a"Covers Python 3"--cover.
504 _aIncludes bibliographical references and index.
650 0 _aBioinformatics.
_913954
650 0 _aPython (Computer program language)
_93211
856 4 2 _3Contributor biographical information
_uhttp://www.loc.gov/catdir/enhancements/fy1112/2011377369-b.html
856 4 2 _3Publisher description
_uhttp://www.loc.gov/catdir/enhancements/fy1112/2011377369-d.html
856 4 1 _3Table of contents only
_uhttp://www.loc.gov/catdir/enhancements/fy1112/2011377369-t.html
906 _a7
_bcbc
_ccopycat
_d2
_encip
_f20
_gy-gencatlg
942 _2ddc
_cBK